000 00869nam0a2200277 4500
001 RU\NLR\bibl\1987880
005 20250616211523.0
010 _a978-5-271-45748-7
_92000
021 _aRU
_b2012-97508
_97209
035 _a(NLR Aleph) 001976458
090 _a4028734
_c4028734
100 _a20130117d2013 |||y0rusy50 ca
101 1 _arus
_ceng
102 _aRU
105 _ay |||||||||
200 1 _aОпрометчивый шаг
_eроман
_fКарли Филлипс
_g[пер. с англ. А.Е. Мосейченко]
210 _aМосква
_cАстрель
_d2013
215 _a318, [1] с.
_d21
225 1 _aОчарование
686 _aШ6(7США)67-440.4{Лх1979-50}
700 1 _aФиллипс
_bК.
_gКарли
_4070
801 0 _aRU
_bNLR
_c20130117
_gRCR
801 1 _aRU
_bNLR
_c20130117
942 _cBOOK
980 _aNB